000 00464nmm a2200169Ia 4500
008 251105s9999||||xx |||||||||||||||||und||
020 _a9562824098
041 _aspa
100 _aHuenún, Jaime Luis
245 0 _aPuerto Trakl
264 _a[Santiago de Chile, Chile] :
_bLOM Ediciones,
_c2001
300 _a56 páginas
490 _aEntre Mares
650 _aLatin American poetry
856 _uhttps://public.digitaliapublishing.com/a/13030
942 _cCF
999 _c74319
_d74319